| 000 | 01314nam a2200337 i 4500 | ||
|---|---|---|---|
| 003 | EG-GICUC | ||
| 005 | 20260121101426.0 | ||
| 008 | 251203s2001 ua ||||fr|||| 000 0 ara d | ||
| 017 | _a1998/17390 | ||
| 020 | _a977-04-2528-1 | ||
| 040 |
_a EG-GICUC _bara _c EG-GICUC _d EG-GICUC _erda |
||
| 041 | _aara | ||
| 082 | 0 | 4 |
_221 _a343.46 _bج م . ج |
| 092 | 0 | 4 | _221 |
| 099 | _aLaw1 10 343.46 ج م . ج 2001 | ||
| 100 | 0 |
_aجميل عبدالباقي الصغير _eمؤلف. |
|
| 245 | 1 | 2 |
_aالجوانب الأجرائية للجرائم المتعلقة بالانترنت / _cجميل عبدالباقي الصغير. |
| 264 | 1 |
_aالقاهرة : _bدار النهضة العربية, _c2001 |
|
| 300 |
_a107 صفحة ؛ _c24 سم. |
||
| 336 |
_2rda content _atext |
||
| 337 |
_2rda media _aComputer |
||
| 338 |
_2rda carrier _aOnline Resource |
||
| 504 | _a. 104-98 ببليوجرافيا: صفحات. | ||
| 546 | _aالنص أغلبه باللغة العربية مع بعض النصوص الفرنسية | ||
| 650 | 1 | 4 |
_aالتشريعات المتعلقة بتقنية المعلومات _2qrmak |
| 650 | 1 | 4 | _aالقانون الجنائي الدولي |
| 651 | 1 | _2qrmak | |
| 856 | 4 | 0 | _uhttps://fll.law.cu.edu.eg/fulltext/bks/B10-06723.pdf |
| 905 |
_a5 _eHassnaa |
||
| 942 |
_2ddc _cBK _e21 _n0 |
||
| 999 |
_c48142 _d48142 |
||